000 01014 a2200229 4500
001 41099
005 20260407155704.0
008 260407a2006 arg spa d
003 AR-UNSa-BCEJYS
040 _aAR-UNSa-BCEJYS
_bspa
_cAR-UNSa-BCEJYS
080 _a347.748
_xCheques. Cheques cruzados. Cámaras de compensación
245 1 0 _aLecciones de derecho cambiario
_pCheques: común y de pago diferido
020 _a978-950-894-600-3
264 1 _aBuenos Aires :
_bAD-HOC
_c2006
300 _a179 p.
_c20 cm.
505 _a1. Legislación actual sobre cheques - 2. Aspectos doctrinales cambiarios y bancarios - 3. Conceptos de cheques: común y de pago diferido - 4. Oposición al pago. Consecuencias ulteriores - 5. Sanciones. Defectos formales. Rechazos del cheque. Responsabilidad
041 _aspa
942 _cBK
590 _aniveau_biblio:m niveau_hierar:0
100 1 _aGómez Leo, Osvaldo R.
856 4 1 _uhttps://biblioeco.unsa.edu.ar/pmb/images/libros/L126357.jpg
_yImagen de portada
_qimage/jpeg
999 _c3367
_d3367